000
00302nam a22001097a 4500
008
230703b xxu||||| |||| 00| 0 eng d
082
_a
342
_b
CKRC 2002
245
_a
The Constitutional Review Process in Kenya
260
_b
Constitution of Kenya Review Commission
_c
2002
300
_a
22p
942
_2
ddc
_c
BK
999
_c
3491
_d
3491